Estatísticas para Árvores de Fruto

Clique aqui para jogar o quiz

Estatísticas Gerais

  • Esse quiz foi jogado 73 vezes
  • A pontuação média é 14 de 15

Estatísticas das Respostas

HintResposta% Correto
AmeixoeiraAmeixa
100%
CajueiroCaju
100%
CerejaCerejeira
100%
FigoFigueira
100%
LaranjeiraLaranja
100%
BananaBananeira
98%
LimãoLimoeiro
98%
MacieiraMaçã
98%
MangaMangueira
98%
PereiraPêra
98%
CastanheiraCastanha
97%
GoiabeiraGoiaba
97%
PêssegoPessegueiro
94%
NêsperaNespereira
69%
RomãRomãzeira
48%

Distribuição das Pontuações

Percentil de Números Respondidos

Porcentagem de Pessoas com Cada Pontuação

Sua Pontuação Histórica

Você não jogou esse quiz